000 004930000a22001930004500
001 002354
003 MACL
005 20150802173827.0
008 150802b xxu||||| |||| 00| 0 eng d
040 _aMACL
_cMACL
041 _aEnglish
082 _a385/GHO
100 _aGhosh, Sitansu Sekhar
_94491
245 _aRailways In India
_bA Legend
_cSitansu Sekhar Ghosh
260 _aKolkata
_c2006
_bJogemayov Prorashanie,
350 _a600
650 _aTransport
_94395
942 _k385
_cBK
_2ddc
999 _c14266
_d14266